Krizové řízení v českých podmínkách
Význam pojmu krízové riadenie v súčasnej praxi českých podnikov. Definícia krízy. Tri úrovne znakov úpadku podniku. Špecifiká podnikateľského prostredia určujúce charakter potenciálnych kríz. Krízová situácia.
Enregistré dans:
| Auteur principal: | |
|---|---|
| Format: | Chapitre de livre |
| Langue: | tchèque |
| Sujets: | |
| Tags: |
Pas de tags, Soyez le premier à ajouter un tag!
|
MARC
| LEADER | 00000naa a2200000 4500 | ||
|---|---|---|---|
| 001 | r022883 | ||
| 005 | 20230922083909.3 | ||
| 041 | 0 | |a cze | |
| 044 | |a CZ | ||
| 245 | 1 | 0 | |a Krizové řízení v českých podmínkách |c M. Mikušová |
| 520 | |a Význam pojmu krízové riadenie v súčasnej praxi českých podnikov. Definícia krízy. Tri úrovne znakov úpadku podniku. Špecifiká podnikateľského prostredia určujúce charakter potenciálnych kríz. Krízová situácia. | ||
| 610 | 2 | 0 | |a manažment krízový |
| 610 | 2 | 0 | |a prostredie podnikateľské |
| 610 | 2 | 0 | |a kríza |
| 610 | 2 | 0 | |a pojmy |
| 610 | 2 | 0 | |a riadenie |
| 610 | 2 | 0 | |a úpadok podniku |
| 610 | 2 | 0 | |a firmy |
| 610 | 2 | 0 | |a Česko |
| 100 | 1 | |a Mikušová, M. | |